Impossible Ball Knowledge - Statistics

General Stats
  • This quiz has been taken 19 times
  • The average score is 4 of 15
Answer Stats
Hint Answer % Correct
I'm thinking of a number between 1-100, what is it? 54
67%
What was Jason Kelce's Jersey Number? 62
67%
What is Germany's 12th biggest city by population? Dresden
42%
When was the last year the White Sox won the World Series? 2005
33%
What is the only sea without a coastline? Sargasso Sea
33%
Who is the founder of Archer Aviation? Adam Goldstein
25%
Which Team was the last 16 seed to upset a 1 seed in March Madness? Fairleigh Dickinson Knights
25%
What is the name of the red pigment found in vertebrates that functions in oxygen transport? Hemoglobin
25%
Who wrote 'American Dystopia: The Handmaid's Tale and Puritan History'? Daniel Stein
17%
Who is the former NBA MVP with the nickname Pooh? Derrick Rose
17%
Who is the Jewish Singer/Songwriter who wrote the Songs 'Tzama' and 'Sefasai'? Jack Cohen
17%
Who played Jasper Sitwell in Marvel Movies? Maximiliano Hernandez
17%
Actor Nancy Cartwright of "The Simpsons" is the aunt of which famous singer? Sabrina Carpenter
17%
Which animal won March Mammal Madness in 2023? The Wolverine
17%
How many points did Michael Jordan score in the regular season all-time? 32292
8%
No matching quizzes found
Score Distribution
Percent of People with Each Score
Percentile by Number Answered
Your Score History
You have not taken this quiz